MARC details
| 000 -CABECERA |
| campo de control de longitud fija |
02190nam a22003255i 4500 |
| 001 - NÚMERO DE CONTROL |
| campo de control |
991017231829707026 |
| 003 - IDENTIFICADOR DEL NÚMERO DE CONTROL |
| campo de control |
UkOxU |
| 005 - FECHA Y HORA DE LA ÚLTIMA TRANSACCIÓN |
| campo de control |
20260513125946.0 |
| 006 - CÓDIGOS DE INFORMACIÓN DE LONGITUD FIJA--CARACTERÍSTICAS DEL MATERIAL ADICIONAL |
| campo de control de longitud fija |
m || d | |
| 007 - CAMPO FIJO DE DESCRIPCIÓN FÍSICA--INFORMACIÓN GENERAL |
| campo de control de longitud fija |
cr ||||||||||| |
| 008 - DATOS DE LONGITUD FIJA--INFORMACIÓN GENERAL |
| campo de control de longitud fija |
221114s2019 xxk||||fo |||| ||eng |
| 020 ## - NÚMERO INTERNACIONAL ESTÁNDAR DEL LIBRO |
| Número Internacional Estándar del Libro |
9781292314426 |
| 020 ## - NÚMERO INTERNACIONAL ESTÁNDAR DEL LIBRO |
| Número Internacional Estándar del Libro |
9781292314426 |
| Información calificativa |
(Electronic book (PDF format)) |
| 020 ## - NÚMERO INTERNACIONAL ESTÁNDAR DEL LIBRO |
| Número Internacional Estándar del Libro |
1292314427 |
| Información calificativa |
(Electronic book (PDF format)) |
| 035 ## - NÚMERO DE CONTROL DEL SISTEMA |
| Número de control de sistema |
023221787-44oxf_inst |
| 035 ## - NÚMERO DE CONTROL DEL SISTEMA |
| Número de control de sistema |
(UkOxU)023221787 |
| 035 ## - NÚMERO DE CONTROL DEL SISTEMA |
| Número de control de sistema |
(Uk)020813944 |
| 037 ## - FUENTE DE ADQUISICIÓN |
| Número de adquisición |
9781292314426 |
| Fuente del número de adquisición |
Pearson UK |
| 040 ## - FUENTE DE LA CATALOGACIÓN |
| Centro catalogador/agencia de origen |
Uk |
| Lengua de catalogación |
eng |
| Centro/agencia transcriptor |
Uk |
| 041 ## - CÓDIGO DE LENGUA |
| Código de lengua del texto/banda sonora o título independiente |
English |
| 100 ## - ENTRADA PRINCIPAL--NOMBRE DE PERSONA |
| Numeración |
Yukl, Gary A., |
| Nombre de persona |
Yukl, Gary A., |
| Término indicativo de función/relación |
author. |
| 245 10 - MENCIÓN DE TÍTULO |
| Título |
Leadership in Organizations |
| Mención de responsabilidad, etc. |
/ Gary A. Yukl. |
| 250 ## - MENCIÓN DE EDICIÓN |
| Mención de edición |
Ninth edition. |
| 250 ## - MENCIÓN DE EDICIÓN |
| Mención de edición |
Global edition. |
| 264 #1 - PRODUCCIÓN, PUBLICACIÓN, DISTRIBUCIÓN, FABRICACIÓN Y COPYRIGHT |
| Producción, publicación, distribución, fabricación y copyright |
Harlow : |
| Nombre del de productor, editor, distribuidor, fabricante |
Pearson, |
| Fecha de producción, publicación, distribución, fabricación o copyright |
2019. |
| 505 0# - NOTA DE CONTENIDO CON FORMATO |
| Nota de contenido con formato |
The Nature of Leadership<br/>— Leadership Behavior<br/>— The Leadership Situation and Adaptive Leadership<br/>— Decision Making and Empowerment by Leaders<br/>— Leading Change and Innovation<br/>— Power and Influence Tactics<br/>— Leader Traits and Skills<br/>— Charismatic and Transformational Leadership<br/>— Values-Based and Ethical Leadership<br/>— Dyadic Relations and Followers<br/>— Leadership in Teams and Decision Groups<br/>— Strategic Leadership in Organizations<br/>— Cross-Cultural Leadership and Diversity<br/>— Developing Leadership Skills<br/>— Overview and Integration. |
| 520 ## - SUMARIO, ETC. |
| Sumario, etc. |
Leadership in Organizations, 9th Edition provides a balance of theory and practice as it covers the major theories and research on leadership and managerial effectiveness in formal organisations. Rather than detailing an endless series of studies or prescribing exactly how leaders must operate, it sticks to the major findings and offers recommendations for improving managerial effectiveness. Using this approach, readers understand the implications of their decisions and can determine the best courses of action specific to the situation. With new examples, citations, and guidelines for better clarity and presentation, the text is a relevant and useful tool for students who expect to become managers in the near future. |
| 650 #0 - PUNTO DE ACCESO ADICIONAL DE MATERIA--TÉRMINO DE MATERIA |
| Término de materia o nombre geográfico como elemento de entrada |
Business management |
| 9 (RLIN) |
223 |
| 942 ## - ELEMENTOS DE ENTRADA AGREGADA (KOHA) |
| Fuente del sistema de clasificación o colocación |
Clasificación de Library of Congress |